Of Monsters & Men Discography - Statistics

General Stats
  • This quiz has been taken 14 times
  • The average score is 21 of 41
Answer Stats
Album Song % Correct
My Head Is an Animal Dirty Paws
100%
My Head Is an Animal Little Talks
91%
FEVER DREAM Alligator
82%
My Head Is an Animal From Finner
82%
My Head Is an Animal King and Lionheart
82%
My Head Is an Animal Mountain Sound
82%
Beneath The Skin Crystals
73%
FEVER DREAM Rororo
73%
Beneath The Skin Human
64%
Beneath The Skin I Of The Storm
64%
My Head Is an Animal Six Weeks
64%
Beneath The Skin Wolves Without Teeth
64%
FEVER DREAM Ahay
55%
Beneath The Skin Black Water
55%
Beneath The Skin Hunger
55%
My Head Is an Animal Love Love Love
55%
My Head Is an Animal Numb Bears
55%
My Head Is an Animal Sloom
55%
My Head Is an Animal Yellow Light
55%
Single Circles
45%
Beneath The Skin Empire
45%
My Head Is an Animal Lakehouse
45%
Beneath The Skin Slow Life
45%
FEVER DREAM Under a Dome
45%
FEVER DREAM Vulture, Vulture
45%
FEVER DREAM Wars
45%
FEVER DREAM Wild Roses
45%
Beneath The Skin Backyard
36%
Single Destroyer
36%
Beneath The Skin Organs
36%
My Head Is an Animal Slow and Steady
36%
FEVER DREAM Soothsayer
36%
FEVER DREAM Stuck in Gravity
36%
Single This Happiness
36%
Single Visitor
36%
My Head Is an Animal Your Bones
36%
FEVER DREAM Sleepwalker
27%
Beneath The Skin We Sink
27%
Beneath The Skin Winter Sound
18%
Beneath The Skin Thousand Eyes
9%
FEVER DREAM Waiting for the Snow
9%
No matching quizzes found
Score Distribution
Percent of People with Each Score
Percentile by Number Answered
Your Score History
You have not taken this quiz